Osobitě uchopená napodobenina MagnumLite Rimfire Rifle MLR-1722

Bibliographic Details
Main Author: Mikyna, František (Author)
Format: Article
Language:Czech
PhysicalDescription:Fotogr.
ISSN:1212-5210
Subjects:

MARC

LEADER 00000nab a2200000 a 4500
001 vtls010555895
003 SK-MaSNL
005 20260303085554.0
008 131105 2013 xo m p 000 0 cze
015 |a SNBRB2013/10  |2 lmaosk 
040 |a LMAOSK  |b slo  |c LMAOSK  |e AACR2 
041 0 |a cze 
044 |a xo  |c SK 
080 |a 623.441/.443  |2 2001 
080 |a 623.44  |2 2001 
080 |a 623.442  |2 2001 
080 |a (046)  |2 2001 
100 1 |a Mikyna, František  |4 aut  |9 1085898 
245 1 0 |a Osobitě uchopená napodobenina  |b MagnumLite Rimfire Rifle MLR-1722  |c František Mikyna 
300 |b Fotogr. 
500 |a Obsahuje charakteristiku a technické údaje 
650 0 7 |a MLR-1722 (puška)  |2 LMAOSK  |9 1095300 
650 0 7 |a strelné zbrane  |2 SNKPH  |9 68540 
650 0 7 |a ručné palné zbrane  |2 SNKPH  |9 28981 
650 0 7 |a pušky  |2 SNKPH  |9 13773 
650 0 7 |a samonabíjacie pušky  |2 SNKPHbucl  |9 1083386 
650 0 7 |a Firearms  |2 SNKPHeng  |9 289175 
650 0 7 |a Hand firearms  |2 SNKPHeng  |9 504853 
650 0 7 |a Rifles  |2 SNKPHeng  |9 347793 
655 7 |a články  |2 SNKPH  |9 70601 
655 7 |a Journal articles  |2 SNKPHeng  |9 279737 
773 0 |t Zbraně & náboje : časopis muže, který zná svůj cíl  |g Roč. XV, č. 10 (2013), s. 68-69  |x 1212-5210 
852 |a LMAOSK  |b KIS3GCP 
958 |a NB 
999 |c 1799713  |d 1801643